| 000 | 00000nas 2200000zi 4500 |
| 001 | 9.877494 |
| 003 | CaOODSP |
| 005 | 20221107165005 |
| 006 | m go d f |
| 007 | cr ||||||||||| |
| 008 | 190806d20082008qucar p o f0 a0eng|d |
| 040 | |aCaOODSP|beng|erda|cCaOODSP |
| 043 | |an-cn--- |
| 086 | 1 |aBC9-20/1E-PDF |
| 245 | 00|aRadio market analysis : |bstatistical and financial summaries. |
| 264 | 1|a[Gatineau, Quebec] : |bCanadian Radio-television and Telecommunications Commission = Conseil de la radiodiffusion et des télécommunications canadiennes, |c[2009] |
| 310 | |aAnnual |
| 336 | |atext|btxt|2rdacontent |
| 337 | |acomputer|bc|2rdamedia |
| 338 | |aonline resource|bcr|2rdacarrier |
| 362 | 0 |a2004/2008. |
| 500 | |aIssued also in French under title: Analyses des marchés de la radio, relevés statistiques et financiers. |
| 550 | |aIssued by Industry and Market Analysis, Policy Development and Research Sector. |
| 692 | 07|2gccst|aRadio |
| 710 | 1 |aCanada. |bCanadian Radio-television and Telecommunications Commission. |bPolicy Development and Research Sector. |
| 775 | 08|tAnalyse des marchés de la radio : |w(CaOODSP)9.877499 |
| 785 | 00|tCommercial radio : |w(CaOODSP)9.507930 |